Entry Toplantı Adı
001 - KONTROL NUMARASI
- Kontrol alanı: 39435
003 - KONTROL NUMARASI KİMLİĞİ
- Kontrol alanı: TR-BiSEU
005 - SON İŞLEM TARİHİ VE ZAMANI
- Kontrol alanı: 20260207002124.0
008 - SABİT UZUNLUKTAKİ VERİ ÖGELERİ - GENEL BİLGİ
- Sabit uzunlukta kontrol alanı: 260207|| aca||aabn | a|a d
040 ## - KATALOGLAMA KAYNAĞI
- Özgün kataloglama kurumu: TR-BiSEU
- Çeviri kurumu: TR-BiSEU
111 ## - KONU BAŞLIKLARI - TOPLANTI ADI
- Toplantı adı: Türkiye Maliye Sempozyumu (24. : 2009 : Antalya, Türkiye)
670 ## - BİLGİNİN KAYNAĞI
- Bilginin alındığı kaynak: KOHA: (TR-BiSEU)16975: Türkiye Maliye Sempozyumu (24. : 2009 : Antalya, Türkiye), 24. Türkiye Maliye Sempozyumu :
